000 00743nam a22002057a 4500
008 250616b |||||||| |||| 00| 0 eng d
020 _a9781407359731
040 _aCUZ
_beng
_crda
_dCUZ
_erda
050 _aCC76.3BOS
100 _aAngela Bosco
245 _a3D surveying methods and digital information management for archaeological heritage
_cby Angela Bosco
264 _aUK
_bBar publishing
_c©2022
300 _aextent xix ,83pages
336 _atext
_btxt
337 _aunmediated
_bn
338 _2rdacarrier
500 _aincludes reference
650 _aSurvey and three dimensional data for archaeology
_aField documentation
_aConservation and preventive maintenance
942 _cOS
_i76.BOS
_kCC
999 _c45149
_d45149